| 000 -LEADER |
| fixed length control field |
00387cam a22001457a 4500 |
| 008 - FIXED-LENGTH DATA ELEMENTS--GENERAL INFORMATION |
| fixed length control field |
180718b1960 xxu||||| |||| 00| 0 eng d |
| 082 ## - DEWEY DECIMAL CLASSIFICATION NUMBER |
| Classification number |
A99 H279/H992 |
| 100 ## - MAIN ENTRY--PERSONAL NAME |
| Personal name |
Hyde, H.M. |
| 245 ## - TITLE STATEMENT |
| Title |
Sir Patrick Hastings: his life and cases |
| Statement of responsibility, etc. |
by H.M. Hyde |
| 260 ## - PUBLICATION, DISTRIBUTION, ETC. |
| Place of publication, distribution, etc. |
London |
| Name of publisher, distributor, etc. |
Heinemann |
| Date of publication, distribution, etc. |
1960 |
| 300 ## - PHYSICAL DESCRIPTION |
| Extent |
416p. |
| 440 ## - SERIES STATEMENT/ADDED ENTRY--TITLE |
| Title |
bibl. |
| 500 ## - GENERAL NOTE |
| General note |
30/- |
| 650 ## - SUBJECT ADDED ENTRY--TOPICAL TERM |
| Topical term or geographic name entry element |
Eastings, Patrick, 1880-1952 |